Corrupción y justicia en América Latina /
Desarrolla el tema de la corrupción en el Poder Judicial. La primera parte atiende a consideraciones generales sobre la corrupción que se filtran, como en toda la sociedad, también en la estructura del Poder Judicial. La segunda atiende a algunas formas concretas como se desarrolla o facilita el pro...
Guardat en:
| Autor principal: | |
|---|---|
| Format: | Text |
| Idioma: | Spanish |
| Matèries: | |
| Etiquetes: |
Afegir etiqueta
Sense etiquetes, Sigues el primer a etiquetar aquest registre!
|
MARC
| LEADER | 00000 a a2200000 04500 | ||
|---|---|---|---|
| 001 | 3782 | ||
| 003 | cru IIS | ||
| 005 | 20220629142105.0 | ||
| 008 | 220629b1995 ag ||||| |||| 00| 0 spa d | ||
| 040 | |c cru IIS | ||
| 090 | |a REV0191 12(4) 1995 | ||
| 100 | |a Borea Odría, Alberto | ||
| 245 | |a Corrupción y justicia en América Latina / |c Alberto Borea Odría | ||
| 520 | |a Desarrolla el tema de la corrupción en el Poder Judicial. La primera parte atiende a consideraciones generales sobre la corrupción que se filtran, como en toda la sociedad, también en la estructura del Poder Judicial. La segunda atiende a algunas formas concretas como se desarrolla o facilita el proceso de corrupción a través de prácticas repetidas en las estructuras judiciales de nuestras naciones y las relaciones entre los diversos actores del sistema. Finalmente propone algunos cursos de acción para tratar de resolver o, cuando menos, aminorar sustantivamente ese problema. REV/LCL | ||
| 650 | |a CORRUPCION | ||
| 650 | |a PODER JUDICIAL | ||
| 773 | |g volumen 12, número 4 (48); páginas 163-180 |t Contribuciones | ||
| 942 | |2 ddc |c PP | ||
| 999 | |c 21535 |d 21535 | ||
